| 000 | 00610nam a2200217Ia 4500 | ||
|---|---|---|---|
| 003 | OSt | ||
| 005 | 20241216100017.0 | ||
| 008 | 210716s1865 xx 000 0 und d | ||
| 020 | _a1559029838 | ||
| 040 | _cAIMIT LIBRARY | ||
| 041 | _aeng | ||
| 082 |
_a808.83 _21 _bHAWN |
||
| 100 |
_aHawthorne, Nathaniel. _9191028 |
||
| 245 |
_aHouse of the seven gables / _cBy Nathaniel Hawthorne. |
||
| 250 | _a1st ed. | ||
| 260 |
_aNew York : _c1865 . |
||
| 300 |
_a330p. ; _bPB _c17 cm. |
||
| 650 |
_aDay behind the counter _9191029 |
||
| 650 |
_aGovernor pincheon _9191030 |
||
| 942 |
_2ddc _cBK _e1st ed. _k808.83 HAWN |
||
| 999 |
_c199994 _d199994 |
||